000 00312nam a22001217a 4500
082 _a330.1
100 _aA.Koutsoyiannis
245 _aTheory of econometrics an introductory exposition of econometric methods
250 _a2nd ed.
260 _aIslamabad
_bTahir printing press
300 _a681p
942 _cBK
999 _c2621
_d2621